International dimensions of human resource management (Record no. 22521)

000 -LEADER
fixed length control field 00575nam a2200169 4500
020 ## - INTERNATIONAL STANDARD BOOK NUMBER
ISBN 9780534213664
082 ## - DEWEY DECIMAL CLASSIFICATION NUMBER
Classification number 658.23
Item number R363355
245 ## - TITLE STATEMENT
Title International dimensions of human resource management
250 ## - EDITION STATEMENT
Edition statement second edition
260 ## - PUBLICATION, DISTRIBUTION, ETC. (IMPRINT)
Place of publication Belmont, Calif ;
Name of publisher Wadsworth Pub. Co.,
Year of publication c1994.
300 ## - PHYSICAL DESCRIPTION
Number of Pages 1 online resource, xv, 267 pages.
Other physical details Illustrations :
500 ## - GENERAL NOTE
General note Includes bibliographical references and index.
650 ## - SUBJECT ADDED ENTRY--TOPICAL TERM
Topical Term International business enterprises Personnel management
700 ## - ADDED ENTRY--PERSONAL NAME
Personal name Schuler, Randall S.
700 ## - ADDED ENTRY--PERSONAL NAME
Personal name Welch, Denice E.
942 ## - ADDED ENTRY ELEMENTS (KOHA)
Koha item type Electronic Books
Holdings
Source of acquisition Permanent Location Date acquired Koha item type Collection code Lost status Shelving location Serial Enumeration / chronology Withdrawn status Cost, normal purchase price Current Location Full call number
DonationCagayan State University - Carig Library2026-04-15Electronic BooksE-Books E-Resource Section2026-04-15 2026.00Cagayan State University - Carig Library658.23 R363355 1994

Cagayan State University University Library, Carig Campus
Tuguegarao City, Cagayan 3500 | www.csucarig.edu.ph

Powered by Koha